INTRODUCTION TO ORGANIC LABORATORY TECHNIQUES (Record no. 216258)
[ view plain ]
| 000 -LEADER | |
|---|---|
| fixed length control field | 00609nam a22001817a 4500 |
| 008 - FIXED-LENGTH DATA ELEMENTS--GENERAL INFORMATION | |
| fixed length control field | 251121b |||||||| |||| 00| 0 eng d |
| 020 ## - INTERNATIONAL STANDARD BOOK NUMBER | |
| International Standard Book Number | 978-0-5387-3328-1 |
| 100 ## - MAIN ENTRY--PERSONAL NAME | |
| Personal name | ENGEL, RANDALL G. |
| 245 ## - TITLE STATEMENT | |
| Title | INTRODUCTION TO ORGANIC LABORATORY TECHNIQUES |
| Remainder of title | A SMALL-SCALE APPROACH |
| 250 ## - EDITION STATEMENT | |
| Edition statement | 3RD ED. |
| 260 ## - PUBLICATION, DISTRIBUTION, ETC. | |
| Name of publisher, distributor, etc. | CENGAGE LEARNING |
| Date of publication, distribution, etc. | 2011 |
| 300 ## - PHYSICAL DESCRIPTION | |
| Extent | XVIII, 1006P. |
| 500 ## - GENERAL NOTE | |
| General note | INCLUDES INDEX |
| 650 ## - SUBJECT ADDED ENTRY | |
| Topical term or geographic name entry element | 1. CHEMISTRY, ORGANIC -LABORATORY MANUALS 2. ORGANIC CHEMISTRY -EXPERIMENTS 3. LABORATORY TECHNIQUES -ORGANIC CHEMISTRY |
| 700 ## - ADDED ENTRY--PERSONAL NAME | |
| Personal name | KRIZ, GEORGE S. |
| 942 ## - ADDED ENTRY ELEMENTS (KOHA) | |
| Source of classification or shelving scheme | Library of Congress Classification |
| Koha item type | Long Loan Book |
| Withdrawn status | Lost status | Source of classification or shelving scheme | Damaged status | Not for loan | Collection | Home library | Current library | Shelving location | Date acquired | Inventory number | Total checkouts | Full call number | Barcode | Date last seen | Copy number | Price effective from | Koha item type |
|---|---|---|---|---|---|---|---|---|---|---|---|---|---|---|---|---|---|
| Library of Congress Classification | Science & Technology | Kisii University Library | Kisii University Library | On Display | 11/21/2025 | 110035 | QD 261. I58 2011 | 000000002385 | 11/21/2025 | C.1 | 11/21/2025 | Long Loan Book | |||||
| Library of Congress Classification | Science & Technology | Kisii University Library | Kisii University Library | On Display | 11/21/2025 | 110036 | QD 261. I58 2011 | 000000002386 | 11/21/2025 | C.2 | 11/21/2025 | Long Loan Book | |||||
| Library of Congress Classification | Science & Technology | Kisii University Library | Kisii University Library | On Display | 11/21/2025 | 110037 | QD 261. I58 2011 | 000000002387 | 11/21/2025 | C.3 | 11/21/2025 | Long Loan Book | |||||
| Library of Congress Classification | Science & Technology | Kisii University Library | Kisii University Library | On Display | 11/21/2025 | 110038 | QD 261. I58 2011 | 000000002388 | 11/21/2025 | C.4 | 11/21/2025 | Long Loan Book |